FC Augsburg Bundesliga History - Statistiken

Allgemein
  • Dieses Quiz wurde 40 mal gespielt
    34 seit der letzten Aktualisierung
  • Das Durchschnittsergebnis liegt bei 65 aus 162
Antwortstatistiken
Gladiator % Korrekt
Alfred Finnbogason
90%
Finn Dahmen
87%
Alexis Claude-Maurice
84%
Ermedin Demirovic
84%
Mert Kömür
84%
Michael gregoritsch
84%
Marius Wolf
81%
Arne Maier
77%
Chrislain Matsima
77%
Marvin Hitz
77%
Nediljko Labrovic
77%
Noahkai Banks
77%
Andre Hahn
74%
Maximilian Bauer
74%
Samuel Essende
74%
Florian Niederlechner
71%
Jeffrey Gouweleeuw
71%
Keven Schlotterbeck
71%
Phillip Tietz
71%
Rubén Vargas
71%
Sascha Mölders
71%
Abdul Rahman Baba
68%
Daniel Baier
68%
Dimitrios Giannoulis
68%
Han-Noah Massengo
68%
Marco Richter
68%
Caiuby
65%
Dong-won Ji
65%
Gregor Kobel
65%
Ja-cheol Koo
65%
Kristijan Jakic
65%
Paul Verhaegh
65%
Philipp Max
65%
Raúl Bobadilla
65%
Tomas Koubek
65%
Cedric Zesiger
61%
Mads Pedersen
61%
Anton Kade
58%
Fabian Rieder
58%
Jan-Ingwer Callsen-Bracker
58%
Jonathan Schmid
58%
Konstantinos Stafylidis
58%
Reece Oxford
58%
Ricardo Pepi
58%
Tim Rieder
58%
Dominik Kohr
55%
Halil Altıntop
55%
Mergim Berisha
55%
Raphael framberger
55%
Raphael Framberger
55%
Robin Fellhauer
55%
Alexander Manninger
52%
Daniel Caligiuri
52%
Elvis Rexhbecaj
52%
Iago
52%
Niklas Dorsch
52%
Pierre-Emile Højbjerg
52%
Rani Khedira
52%
Robert Gumny
52%
Tobias Werner
52%
Andreas Luthe
48%
Frederik Jensen
48%
Martin Hinteregger
48%
Ragnar Klavan
48%
Alexander Esswein
45%
Arne Engels
45%
Carlos Gruezo
45%
Kevin Danso
45%
Kevin Vogt
45%
Rafal Gikiewicz
45%
Sergio Córdova
45%
Jan Moravek
42%
Simon Jentzsch
42%
Elias Saad
39%
Frank Onyeka
39%
Erik Thommy
35%
Ismaël Gharbi
35%
Jeong-ho Hong
35%
Steve Mounié
35%
Felix Götze
32%
Felix Udokhai
32%
Hajime Hosogai
32%
Marcel Ndjeng
32%
Stephan Hain
32%
Stephan Lichtsteiner
32%
Andreas Ottl
29%
Arkadiusz Milik
29%
Lasse Günther
29%
Marcel de Jong
29%
Markus Feulner
29%
Matthias Ostrzolek
29%
Piotr Trochowski
29%
Sebastian Langkamp
29%
Tobias Strobl
29%
Aaron Zehnter
26%
Axel Bellinghausen
26%
Dion Beljo
26%
Edmond Kapllani
26%
Fabian Giefer
26%
Gojko Kacar
26%
Irvin Cardona
26%
Julian Günther-Schmidt
26%
Kevin Mbabu
26%
Mohamed Amsif
26%
Moritz Leitner
26%
Nando Rafael
26%
Noah Sarenren Bazee
26%
Sven Michel
26%
Tin Jedvaj
26%
Torsten Oehrl
26%
Aristide Bancé
23%
Christoph Janker
23%
Gibril Sankoh
23%
Julian Schieber
23%
Kelvin Yeboah
23%
Lukas Petkov
23%
Mahmut Kücüksahin
23%
Marcel Heller
23%
Patrick Mayer
23%
Pep Biel
23%
Simon Asta
23%
Uwe Möhrle
23%
Andi Zeqiri
19%
Daniel Brinkmann
19%
Daniel Opare
19%
Frederik Winther
19%
Georg Teigl
19%
Henri Koudossou
19%
Marek Suchy
19%
Nathanaël Mbuku
19%
Patric Pfeiffer
19%
Shawn Parker
19%
Takashi Usami
19%
Tim Civeja
19%
Aiman Dardari
16%
Akaki Gogia
16%
Andrew Sinkala
16%
Julian Baumgartlinger
16%
László Bénes
16%
Lorenzo Davids
16%
Raphael Holzhauser
16%
Renato Veiga
16%
Tim Breithaupt
16%
Tim Matavz
16%
Yusuf Kabadayi
16%
Dawda Bah
13%
Dominik Reinhardt
13%
Eduard Löwen
13%
Jonas De Roeck
13%
Jozo Stanic
13%
Knowledge Musona
13%
Mathias Fetsch
13%
Milan Petrzela
13%
Giovanni Sio
10%
Kilian Jakob
10%
David Colina
6%
Michael Parkhurst
6%
Nikola Djurdjic
6%
Panagiotis Vlachodimos
6%
Ronny Philp
6%
Masaya Okugawa
3%
Somen Tchoyi
3%
Keine übereinstimmenden Quizze gefunden
Verteilung der Resultate
Anzahl Personen mit jedem Resultat
Perzentil nach korrekt beantworteten Fragen
Ihre Resultats-Entwicklung
Sie haben dieses Quiz seit der letzten Aktualisierung nicht gespielt